| 000 | 00499nam a22001817a 4500 | ||
|---|---|---|---|
| 001 | T027600008620 | ||
| 008 | 181111b xve|||||r|||| 00| | esp d | ||
| 099 |
_aIVP-D-05155 _b |
||
| 100 | _aCONGRESO E LA REPÚBLICA | ||
| 245 | _aAnte Proyecto de Ley de Fondo de Pensiones de Retiro. 1996. | ||
| 260 | _a | ||
| 500 | _a | ||
| 650 | _aHistoria Oral--Investigaciones--Caño Amarillo-Caracas | ||
| 650 | _aHistoria Local--Proyectos | ||
| 650 | _aVenezuela. | ||
| 650 | _aEspañol. | ||
| 942 | _cLIB | ||
| 999 |
_c9747 _d9747 |
||